Văn hoá - mỹ thuật Huế

Enregistré dans:
Détails bibliographiques
Auteur principal: Chu Quang Trứ
Format: Livre
Langue:Undetermined
Publié: Huế Thuận Hoá 1998
Sujets:
Tags: Ajouter un tag
Pas de tags, Soyez le premier à ajouter un tag!
Thư viện lưu trữ: Trung tâm Học liệu Trường Đại học Cần Thơ
LEADER 00506nam a2200193Ia 4500
001 CTU_53438
008 210402s9999 xx 000 0 und d
020 |b 19000 
082 |a 709.597 
082 |b Tr550 
100 |a Chu Quang Trứ 
245 0 |a Văn hoá - mỹ thuật Huế 
245 0 |c Chu Quang Trứ 
260 |a Huế 
260 |b Thuận Hoá 
260 |c 1998 
650 |a art, vietnamese 
650 |x history 
980 |a Trung tâm Học liệu Trường Đại học Cần Thơ